[Event "Olympiad Women 2024"]
[Site "Budapest HUN"]
[Date "2024.09.13"]
[Round "3.11"]
[Board "4"]
[White "Hapala, Elisabeth"]
[Black "Kairbekova, Amina"]
[Result "0-1"]
[WhiteElo "2113"]
[BlackElo "2243"]
[PlyCount "70"]
[EventDate "2024.09.11"]
[WhiteTeam "Austria"]
[BlackTeam "Kazakhstan"]
[WhiteTeamCountry "AUT"]
[BlackTeamCountry "KAZ"]

1. e4 c5 2. Nf3 e6 3. d4 cxd4 4. Nxd4 Nf6 5. Nc3 Nc6 6. Ndb5 d6 7. Bf4 e5 8. Bg5 a6 9. Na3 b5 10. Nd5 Be7 11. Bxf6 Bxf6 12. c3 Rb8 13. Nc2 O-O 14. h4 g6 15. g3 Bg7 16. h5 Bb7 17. Nce3 Ne7 18. Qd3 Nxd5 19. Nxd5 Rc8 20. Be2 $146 ({RR} 20. Bg2 Rc5 21. h6 Bh8 22. b4 Rc8 23. O-O Bf6 24. a4 bxa4 25. Bh3 Ra8 26. Rxa4 Bg5 27. Rd1 Bxh6 28. c4 Bg5 29. Ra2 Rb8 30. Qc3 Qe8 31. Rc2 Qc6 32. c5 Rfd8 33. f4 exf4 34. gxf4 Bh4 {1-0 Simacek,P (2446)-Kraus,T (2488) ch-CZE 2024 Ostrava CZE (8.2)}) 20... Rc5 21. b4 Rxd5 22. exd5 e4 23. Qe3 f5 24. hxg6 hxg6 25. Rd1 Qe7 26. c4 bxc4 27. Bxc4 Qe5 28. Bb3 f4 29. gxf4 Rxf4 30. Qh3 Rf5 31. Rc1 a5 32. b5 a4 33. Bd1 e3 34. fxe3 Qb2 35. Rc2 Bc3+ 0-1

[Event "Olympiad Women 2024"]
[Site "Budapest HUN"]
[Date "2024.09.13"]
[Round "3.12"]
[Board "1"]
[White "Mihok-Juhasz, Barbara"]
[Black "Mkrtchian, Lilit"]
[Result "1/2-1/2"]
[WhiteElo "2193"]
[BlackElo "2366"]
[PlyCount "100"]
[EventDate "2024.09.11"]
[WhiteTeam "Hungary B"]
[BlackTeam "Armenia"]
[BlackTeamCountry "ARM"]

1. e4 {Psakhis,Lev} e6 2. d4 d5 3. e5 c5 4. c3 Nc6 5. Nf3 Qb6 6. a3 Bd7 7. b4 cxd4 8. cxd4 Rc8 9. Be3 Nh6 10. Bd3 Ng4 11. O-O Be7 12. Nbd2 Nxe3 13. fxe3 O-O 14. Nb3 Nb8 ({RR} 14... f5 15. exf6 Rxf6 16. Nc5 Bxc5 17. bxc5 Qc7 18. Ng5 h6 19. Rxf6 gxf6 20. Qh5 Be8 21. Qxh6 fxg5 22. Rf1 Qe7 23. Rf8+ Qxf8 24. Qh7#) ({RR} 14... Nd8 15. Qe2 a6 16. Nc5 Bb5 17. Rac1 Bxd3 18. Qxd3 Bxc5 19. Rxc5 Rxc5 20. bxc5 Qc7 21. Rb1) ({RR} 14... Qd8 15. Nc5 b6 16. Nxd7 Qxd7 17. Bb5 Qb7 18. Rc1) 15. Nc5 ({RR} 15. Qe2 a6 16. Nc5) ({RR} 15. Qe2 a6 16. Nc5 Bb5 17. Bxb5 axb5 18. Rac1 Qc6 19. Rc3 Nd7 20. Na4 Qa6 21. Nc5 Qc6 22. Na4 Qa6 23. Nc5 Qc6 {½-½ Vitiugov,N (2720)-Berkes,F (2615) FIDE World Cup 2023 (3.2)}) ({RR} 15. Qe2 Qd8 16. Rac1 b6 17. Rxc8 Qxc8 18. Rc1 Qb7 19. Qc2 Rc8 20. Bxh7+ Kh8 21. Qb1 Rxc1+ 22. Nxc1 Qa6 23. Bd3 Qxa3 24. b5 a6 25. Kf2 axb5 26. Bxb5 Qa5 27. Bd3 Nc6 28. Qb3 Nb4 29. Be2 Qa1 {0-1 Gaikwad Manas (1957)-Jval Saurin Patel (2085) 61st World Juniors 2024 (11.39)}) 15... Bb5 16. Rb1 $146 ({RR} 16. h4 Bxd3 17. Qxd3 Qc7 18. Rac1 b6 19. Na6 ({RR} 19. Nb3 Qd7) 19... Qxc1 20. Rxc1 Rxc1+ 21. Kh2 h6 ({RR} 21... Nxa6 22. Qxa6 Rc7) 22. Nxb8 Rxb8 23. Qa6 Rc7 24. Qb5 Rd8 25. Qa6 g6 26. Kg3 Kg7 27. Kg4 Rb8 28. Qb5 Rbc8 29. h5 ({RR} 29. Qa6 h5+ 30. Kg3 ({RR} 30. Kf4 Rc2 31. g3 R8c7)) 29... Rc2 30. Ne1 ({RR} 30. g3 R8c7 31. Qe8 R2c3) 30... gxh5+ {0-1 Petrov,M (2425)-Minasian,A (2554) EU-ch 2nd Ohrid 2001 (5)}) ({RR} 16. Rc1 Bxd3 17. Qxd3 a5 18. Rb1 axb4 19. Rxb4 Qc6 20. Rb5 b6 21. Na4 Nd7 22. Rfb1 Bd8 23. Nb2 Be7 24. Na4 Bd8) ({RR} 16. Rc1 Bxd3 17. Qxd3 a5 18. Rb1 axb4 19. Rxb4 Qc6 20. Rb5 b6 21. Na4 Nd7 22. Rfb1 Bd8 23. Nb2 Be7 24. Na4 Bd8 25. Nb2 Qc2 26. Qxc2 Rxc2 27. Rb3 g5 28. Ne1 Rc6 29. Na4 Rc4 30. Nb2 Rc6 {½-½ Ambroz,J (2425)-Meyer,P (2330) BL2-West 9091 1990 [4]}) 16... Rc7 17. Ne1 Qc6 18. Bxb5 Qxb5 19. a4 Qe8 20. a5 b6 21. axb6 axb6 22. Na4 Qb5 23. Nd3 Nd7 24. Nf4 Ra8 25. Nb2 Qxb4 26. Nbd3 Qa3 27. Qg4 Bf8 28. Rf3 Rc3 29. Nxe6 Rxd3 30. Nxg7 Bxg7 31. Rg3 Qf8 32. Qxd7 Rda3 33. Qxd5 Ra1 34. Rxa1 Rxa1+ 35. Kf2 Qc8 36. Rf3 Qc2+ 37. Kg3 Qg6+ 38. Kf2 Qc2+ 39. Kg3 Qg6+ 40. Kf2 h5 41. e4 Rc1 42. Rg3 Qh6 43. Qd8+ Kh7 44. Rg5 Qc6 45. Rxh5+ Bh6 46. Qf6 Rc2+ 47. Kg3 Rc3+ 48. Kf2 Rc2+ 49. Kg3 Rc3+ 50. Kf2 Rc2+ 1/2-1/2

[Event "Olympiad Women 2024"]
[Site "Budapest HUN"]
[Date "2024.09.13"]
[Round "3.12"]
[Board "2"]
[White "Mkrtchyan, Mariam"]
[Black "Lakos, Nikoletta"]
[Result "1-0"]
[WhiteElo "2328"]
[BlackElo "2192"]
[PlyCount "81"]
[EventDate "2024.09.11"]
[WhiteTeam "Armenia"]
[BlackTeam "Hungary B"]
[WhiteTeamCountry "ARM"]

1. d4 {Krasenkow,Michal} d5 2. c4 e6 3. Nf3 Nf6 4. Nc3 Be7 5. Bf4 O-O 6. e3 b6 7. Be2 ({RR} 7. cxd5) 7... Bb7 8. O-O c5 ({RR} 8... Nbd7) 9. Rc1 ({RR} 9. dxc5 bxc5 ({RR} 9... Bxc5 10. a3 ({RR} 10. cxd5 Nxd5 11. Nxd5 Bxd5 {RR} 12. Rc1 Nc6 13. a3 a5 14. Qc2 Qf6 15. Rfd1 h6) 10... dxc4 11. Bxc4 Qxd1 12. Rfxd1 Nbd7 13. Nb5 Rfc8 14. Bf1 ({RR} 14. Nc7 Bxf3 15. gxf3 e5) 14... Bf8) 10. Qb3 ({RR} 10. Qc2 Nbd7 11. Rfd1 Qb6 12. Rd2 Rac8 13. Rad1 Rfd8 14. cxd5 exd5 15. Ne5 Nf8) ({RR} 10. Ne5 Nc6 11. Bf3 Nxe5 12. Bxe5 Nd7 13. Bg3 Nb6 14. cxd5 exd5 15. Qb3 Bd6 16. Rfd1 Rb8 17. Nxd5 Bxg3 18. hxg3 Bxd5 19. Bxd5 Nxd5 20. Qxd5 Qxd5 21. Rxd5 Rxb2 22. Rxc5 g6) 10... Qb6 ({RR} 10... Qc8 11. Rfd1) 11. Ne5 Nc6 12. Bf3 Qxb3 ({RR} 12... Nxe5 13. Bxe5 Ba6 14. cxd5 Bxf1 15. d6 Bxd6 16. Qxb6 axb6 17. Bxd6 Bd3 18. Bxf8 Rxf8) 13. axb3 Nb4 14. Ra5 Rfc8 ({RR} 14... a6 15. Na4 Rac8) 15. Rfa1 a6 16. Na4 Nc6 ({RR} 16... Ra7) 17. Nxc6 Rxc6 18. Bg5 Rc7 19. Bxf6 gxf6 20. cxd5 Bxd5 21. Bxd5 exd5 22. Nb6 Rd8 23. Rxa6 Rc6 {1-0 Ding,L (2695)-Onischuk,A (2666) Olympiad-40 Istanbul 2012 (10.3)}) ({RR} 9. Nb5 Nc6) ({RR} 9. cxd5 Nxd5 10. Nxd5 Qxd5 11. a3 Nd7 12. dxc5 Nxc5 13. b4 Ne4 14. Rc1 a5 15. Rc7 Bf6 16. Bc4 Qxd1 17. Rxd1 Nc3 18. Rc1 Bd5 19. Bf1 Rfc8 20. Nd4 Rxc7 21. Bxc7 Rc8 22. Rxc3 axb4 23. axb4 Be5 {1-0 Han,Y (2414)-Omariev,M (2304) Titled Tue 13th Feb Early 2024 (3)}) 9... dxc4 ({RR} 9... Nbd7 10. cxd5 Nxd5 11. Nxd5 Bxd5 12. Bc4 Bxc4 13. Rxc4 b5 14. Rc2 c4 15. d5 exd5 16. Qxd5 a6 17. a4 Nf6 18. Qb7 Qd3 19. Rfc1 Rfd8 20. h3 Qe4) 10. Bxc4 Ne4 $146 ({RR} 10... Nc6 11. Qe2 cxd4 12. Rfd1 Nd5 13. Nxd5 exd5 14. Bb5 Rc8 15. Bxc6 Rxc6 16. Rxc6 Bxc6 17. Nxd4 Bb7 18. Be5 Qd7 19. Qb5 Qxb5 20. Nxb5 a6 21. Bd6 axb5 22. Bxe7 Rc8 23. Bb4 Rc2 24. Rb1 d4 25. exd4 {½-½ Esen,B (2570)-Bernadskiy,V (2541) Albena Masters op 2014 (5)}) ({RR} 10... Nc6 11. a3 cxd4 12. exd4 Rc8 13. Ba2 Na5 14. Qd3 Nd5 15. Bb1 f5 16. Nxd5 Bxd5 17. Rxc8 Qxc8 18. Rc1 Qa8 19. b4 Nc6 20. Qe3 Bf6 21. Ne5 Bxe5 22. Bxe5 Nxe5 23. Qxe5 Rc8 24. Rxc8+ Qxc8 25. Qe3 {½-½ Ronneland,D (2169)-Stellas,D (2001) Karlstad op 2019 (4)}) 11. Qe2 cxd4 12. Nxe4 Bxe4 13. Nxd4 Bf6 14. Rfd1 Qe7 15. Nb5 e5 16. Bg3 Bc6 17. Nd6 g6 18. h3 a6 19. Qg4 Bd7 20. Qf3 Ra7 21. Bd5 Kg7 22. Ne4 Bf5 23. Nxf6 Qxf6 24. e4 Bc8 25. Qc3 Re7 26. Qa3 a5 27. Rc3 Rd8 28. Rf3 Qd6 29. Bh4 Qxa3 30. Bf6+ Kf8 31. Rxa3 Rd6 32. Bxe7+ Kxe7 33. Rc1 Bd7 34. b4 axb4 35. Ra7 f5 36. f3 b5 37. Rcc7 Kd8 38. Rcb7 Na6 39. Rxd7+ Rxd7 40. Rxa6 fxe4 41. fxe4 1-0

[Event "Olympiad Women 2024"]
[Site "Budapest HUN"]
[Date "2024.09.13"]
[Round "3.12"]
[Board "3"]
[White "Demeter, Dorina"]
[Black "Danielian, Elina"]
[Result "0-1"]
[WhiteElo "2199"]
[BlackElo "2393"]
[PlyCount "134"]
[EventDate "2024.09.11"]
[WhiteTeam "Hungary B"]
[BlackTeam "Armenia"]
[BlackTeamCountry "ARM"]

1. Nf3 d6 2. d4 g6 3. e4 Bg7 4. Be2 Nd7 5. O-O e5 6. Nc3 Ngf6 7. Re1 ({RR} 7. dxe5 dxe5 8. b3 c6 9. a4 Qc7 10. Ba3 Bf8 11. Qc1 Bxa3 12. Qxa3 Qd8 13. Rfd1 Qe7 14. Rd6 Kf8 15. a5 Ne8 16. Rd2 Qxa3 17. Rxa3 Ke7 18. Ra1 f6 19. Rad1 Nc7 20. b4 Nf8 21. Bc4 Nfe6 {½-½ Nepomniachtchi,I (2706)-Khismatullin,D (2667) RUS-ch Higher League 63rd 2010 (3)}) 7... O-O 8. Bc4 $146 ({RR} 8. Bf1 Re8 9. a4 a5 10. Bg5 c6 11. d5 Qc7 12. Bc4 Nb6 13. Bb3 c5 14. Nd2 Bg4 15. f3 Bd7 16. Bc4 Rf8 17. Qe2 h6 18. Be3 Nh5 19. Bb5 Bc8 20. Rec1 Qe7 21. g3 f5 22. Bf2 Qg5 {0-1 Kulovana,E (2180)-Kavan,Z (2190) CZE-chT2d 0405 2004 (10)}) ({RR} 8. Bf1 a6 9. a4 b6 10. g3 Bb7 11. Bg2 c6 12. dxe5 dxe5 13. b3 Re8 14. Ba3 b5 15. Qe2 Qb6 16. Bb2 Bf8 17. Nb1 a5 18. Na3 Ba6 19. axb5 cxb5 20. c4 b4 21. Nc2 Nc5 22. Nxe5 Nxb3 {0-1 Draganic,V (2323)-Kadric,D (2586) 76th ch-MNE 2024 (2.1)}) ({RR} 8. h3 Re8 9. Bc4 exd4 10. Qxd4 Nb6 11. Bg5 h6 12. Bxf6 Bxf6 13. Qd3 Nxc4 14. Qxc4 c6 15. Rad1 Be6 16. Qb4 Qb6 17. Qa3 a5 18. Qxd6 Qxb2 19. e5 Qxc3 20. exf6 Qxf6 21. Rb1 Rad8 22. Qa3 Bd5 {½-½ Ibanez Iglesias,R (1936)-Arcos Facio,M (2143) URU-ch U20 Paysandu 2010 (5)}) 8... c6 9. a4 h6 10. h3 Qc7 11. Ba2 b6 12. Be3 Bb7 13. Qd2 Kh7 14. Rad1 Rad8 15. dxe5 dxe5 16. Qd6 Qc8 17. Qa3 a6 18. Nd2 b5 19. Nb3 Qc7 20. Nc5 Bc8 21. a5 Nxc5 22. Bxc5 Rxd1 23. Nxd1 Re8 24. Nc3 Nh5 25. Bb6 Qb7 26. Ne2 Nf4 27. Qe3 Be6 28. Bxe6 Nxe6 29. b4 Bf8 30. Qd2 Qe7 31. c3 c5 32. bxc5 Nxc5 33. Qd5 Qe6 34. Rd1 Qxd5 35. exd5 Bd6 36. Nc1 Na4 37. Rd3 Nxb6 38. axb6 Rb8 39. Nb3 Rxb6 40. Na5 Rb8 41. Rd1 Kg7 42. Nc6 Ra8 43. Ra1 Kf8 44. Kf1 Ke8 45. Ke2 Kd7 46. Kd3 Bc7 47. Re1 Re8 48. c4 Kd6 49. Rc1 e4+ 50. Kd4 bxc4 51. Kxc4 Bb6 52. Ra1 Ra8 53. Ra2 a5 54. Rb2 Bc7 55. Nd4 Rb8 56. Nb5+ Kd7 57. Re2 f5 58. Nxc7 Kxc7 59. Ra2 Ra8 60. Kc5 a4 61. d6+ Kd7 62. Rb2 a3 63. Rb7+ Ke6 64. Rb1 a2 65. Ra1 Rc8+ 66. Kb6 Rc2 67. Rd1 Kd7 0-1

[Event "Olympiad Women 2024"]
[Site "Budapest HUN"]
[Date "2024.09.13"]
[Round "3.12"]
[Board "4"]
[White "Gaboyan, Susanna"]
[Black "Terbe, Zsuzsanna"]
[Result "1/2-1/2"]
[WhiteElo "2180"]
[BlackElo "2168"]
[PlyCount "106"]
[EventDate "2024.09.11"]
[WhiteTeam "Armenia"]
[BlackTeam "Hungary B"]
[WhiteTeamCountry "ARM"]

1. Nf3 d5 2. g3 c6 3. Bg2 Bg4 4. O-O Nd7 5. d4 e6 6. b3 Ngf6 7. c4 Be7 8. Bb2 O-O 9. Nbd2 a5 10. Re1 a4 11. e4 dxe4 12. Nxe4 Nxe4 13. Rxe4 Nf6 14. Re3 Qb6 $146 ({RR} 14... axb3 15. Qxb3 Qc7 16. h3 Bh5 17. g4 Bg6 18. Ne5 Bd6 19. Nxg6 hxg6 20. Rd3 Ra7 21. Bc1 Rfa8 22. Bf3 Ra4 23. c5 Be7 24. a3 Nd5 25. Bxd5 exd5 26. Rb1 R8a7 27. Qb6 Qxb6 28. Rxb6 Bd8 29. Rb1 {0-1 Hauf,N (2014)-Belz,F (1998) Forchheim op-B 12th 2013 (5)}) 15. h3 Bh5 16. Qe1 Rfd8 17. Bc3 axb3 18. axb3 Rxa1 19. Qxa1 Bb4 20. Bb2 Qa5 21. Qxa5 Bxa5 22. Ne5 Bb6 23. g4 Bg6 24. Nxg6 hxg6 25. Rd3 e5 26. d5 e4 27. Rd1 e3 28. fxe3 Bxe3+ 29. Kf1 cxd5 30. Bxf6 gxf6 31. Bxd5 Rd7 32. b4 Kf8 33. Ke2 Bf4 34. Kf3 Be5 35. Rd3 b6 36. c5 bxc5 37. bxc5 Rc7 38. c6 g5 39. Ra3 Ke7 40. Ra8 Kd6 41. Rd8+ Ke7 42. Ra8 Kd6 43. Be4 Re7 44. Ke3 Kc5 45. Kd3 Kb6 46. Kc4 Ra7 47. Rxa7 Kxa7 48. Kc5 Kb8 49. Bd5 Kc7 50. Bxf7 Bd6+ 51. Kd5 Ba3 52. Be8 Bb2 53. Ke6 Bc3 1/2-1/2

[Event "Olympiad Women 2024"]
[Site "Budapest HUN"]
[Date "2024.09.13"]
[Round "3.13"]
[Board "1"]
[White "Stefanova, Antoaneta"]
[Black "Borosova, Zuzana"]
[Result "1-0"]
[WhiteElo "2416"]
[BlackElo "2205"]
[PlyCount "79"]
[EventDate "2024.09.11"]
[WhiteTeam "Bulgaria"]
[BlackTeam "Slovakia"]
[WhiteTeamCountry "BUL"]
[BlackTeamCountry "SVK"]

1. Nf3 Nf6 2. g3 g6 3. c4 c6 4. b3 Bg7 5. Bb2 O-O 6. Bg2 d5 7. O-O Nbd7 8. Qc2 Re8 9. cxd5 cxd5 10. Nd4 a6 11. f4 Nf8 12. Nc3 Ne6 13. Na4 Nxd4 $146 ({RR} 13... Ng4 14. Nxe6 Bxe6 15. Bxg7 Kxg7 16. Qb2+ Nf6 17. Qd4 Qd6 18. Rac1 Rac8 19. Nc5 b6 20. Na4 b5 21. Nc5 Bf5 22. b4 Bg4 23. h3 Bd7 24. g4 Kg8 25. Rc3 Bc6 26. Ra3 Ra8 27. Rc1 Nd7 28. Nxd7 {1-0 Galliamova,A (2515)-Dubinka,I (2288) RUS-Cup Minsk 2000 (1)}) 14. Bxd4 Bg4 15. e3 Rc8 16. Qb2 Bf5 17. Rfc1 Nh5 18. Rxc8 Bxc8 19. Rc1 e6 20. Bf3 Bxd4 21. Qxd4 Ng7 22. Qb6 Nf5 23. Qxd8 Rxd8 24. Rc7 Nd6 25. Nb6 Kf8 26. d3 Ke8 27. e4 dxe4 28. dxe4 Bd7 29. e5 Nf5 30. Rxb7 Bb5 31. a4 Bd3 32. Bc6+ Kf8 33. Rd7 Rxd7 34. Nxd7+ Ke7 35. Nc5 Nd4 36. Bb7 Bc2 37. b4 Ne2+ 38. Kf2 Nc3 39. a5 Na2 40. b5 1-0

[Event "Olympiad Women 2024"]
[Site "Budapest HUN"]
[Date "2024.09.13"]
[Round "3.13"]
[Board "2"]
[White "Repkova, Eva"]
[Black "Salimova, Nurgyul"]
[Result "1/2-1/2"]
[WhiteElo "2319"]
[BlackElo "2412"]
[PlyCount "211"]
[EventDate "2024.09.11"]
[WhiteTeam "Slovakia"]
[BlackTeam "Bulgaria"]
[WhiteTeamCountry "SVK"]
[BlackTeamCountry "BUL"]

1. d4 d5 2. Nf3 Nf6 3. Bf4 c5 4. e3 Nc6 5. Nbd2 e6 6. c3 Bd6 7. Bg3 O-O 8. Bd3 a5 9. Ne5 ({RR} 9. a4 b6 10. e4 Be7 11. e5 Nd7 12. O-O Ba6 13. Bxa6 Rxa6 14. Nb1 Qb8 15. Na3 cxd4 16. cxd4 Bxa3 17. bxa3 Rc8 18. Ng5 Nf8 19. Qd3 Ra7 20. f4 h6 21. Nf3 Ne7 22. Nh4 Qc7 23. Rab1 Qc3 {0-1 Naroditsky,D (2626)-Negi,P (2656) Imre Konig Memorial rapid 2017 (3)}) 9... c4 ({RR} 9... Bxe5 10. dxe5 Nd7 11. Nf3 h6 12. Bb5 Qb6 13. Qe2 c4 14. Ba4 Nc5 15. Bc2 Qxb2 16. O-O Qxc3 17. Rfd1 Nb4 18. Ne1 Bd7 19. Rac1 Qa3 20. Bf4 Ncd3 21. Nxd3 cxd3 22. Bxd3 Ba4 23. Bxh6 Bxd1 24. Rxd1 {1-0 Coenen,E (2062)-Ratsma,M (2223) 83rd Noteboom Open 2024 (2.5)}) 10. Bc2 Qc7 $146 ({RR} 10... Bxe5 11. dxe5 Nd7 12. Nf3 b5 13. a3 h6 14. Nd4 Ndxe5 15. Nxb5 Qb6 16. a4 Ba6 17. Nd4 Qxb2 18. Kd2 Nxd4 19. Bxe5 Nb3+ 20. Ke2 Nxa1 21. Qxa1 Qxc2+ 22. Kf3 Qe4+ {0-1 Aguilera Prada,A (1531)-Lopez Nunez,A (1675) Alcorcon Spring op-B 1st 2019 (8)}) 11. f4 Ne7 12. Bh4 Ne8 13. O-O f6 14. Qb1 Nf5 15. Nef3 g6 16. Bf2 Nh6 17. h3 Ng7 18. g4 Nf7 19. Bh4 Be7 20. Bg3 f5 21. a4 Bd7 22. Qe1 Qd8 23. Bh4 Bxh4 24. Nxh4 Rb8 25. b3 cxb3 26. Bxb3 b5 27. axb5 Bxb5 28. c4 dxc4 29. Bxc4 Bc6 30. Nb3 Nd6 31. Nxa5 Be4 32. Bb3 g5 33. fxg5 Qxg5 34. Rf4 Kh8 35. Kh2 Rb5 36. Nf3 Qe7 37. Ne5 Rc8 38. Ra2 Qc7 39. Rff2 Nf7 40. Rfc2 Bxc2 41. Rxc2 Qxc2+ 42. Bxc2 Rxc2+ 43. Kg3 Nxe5 44. dxe5 Rc8 45. Qd2 Rd5 46. Qb4 Rxe5 47. Nc6 Rxe3+ 48. Kh4 Re4 49. Qb7 Rf8 50. Qe7 Kg8 51. Qg5 fxg4 52. hxg4 Kh8 53. Nd8 h5 54. Kh3 Rxg4 55. Qh6+ Kg8 56. Nxe6 Rf1 57. Kh2 Rf2+ 58. Kh1 Rf1+ 59. Kh2 Rf2+ 60. Kh1 Nxe6 61. Qxe6+ Rf7 62. Qd5 Kg7 63. Qxh5 Rg6 64. Qe5+ Kh7 65. Qe4 Kh6 66. Qh4+ Kg7 67. Qd4+ Kg8 68. Qd5 Kf8 69. Qd8+ Kg7 70. Qd4+ Rff6 71. Qd7+ Kg8 72. Qd5+ Kh7 73. Qe4 Kg7 74. Qe5 Kh6 75. Qh2+ Kg7 76. Qe5 Kh7 77. Qe4 Kh6 78. Qd4 Rf5 79. Qe3+ Rfg5 80. Kh2 Kh7 81. Qe7+ Rg7 82. Qe4+ Kh8 83. Qe8+ Rg8 84. Qf7 R5g6 85. Qf4 Kh7 86. Qf7+ R8g7 87. Qf5 Kh8 88. Qf8+ Rg8 89. Qf4 Kg7 90. Qe5+ Kh7 91. Qf5 Rh8 92. Qf7+ Kh6 93. Kh3 Rg7 94. Qf6+ Kh7 95. Qe6 Rg6 96. Qf7+ Rg7 97. Qe6 Rhg8 98. Qf5+ Rg6 99. Qf7+ R8g7 100. Qf5 Kh8 101. Qf8+ Rg8 102. Qf4 Kg7 103. Qc7+ Kh8 104. Qf4 Rg3+ 105. Qxg3 Rxg3+ 106. Kxg3 1/2-1/2

[Event "Olympiad Women 2024"]
[Site "Budapest HUN"]
[Date "2024.09.13"]
[Round "3.13"]
[Board "3"]
[White "Krasteva, Beloslava"]
[Black "Bochnickova, Simona"]
[Result "1-0"]
[WhiteElo "2295"]
[BlackElo "2138"]
[PlyCount "51"]
[EventDate "2024.09.11"]
[WhiteTeam "Bulgaria"]
[BlackTeam "Slovakia"]
[WhiteTeamCountry "BUL"]
[BlackTeamCountry "SVK"]

1. c4 Nf6 2. Nc3 c5 3. g3 Nc6 4. Bg2 g6 5. e3 Bg7 6. Nge2 O-O 7. O-O e5 ({RR} 7... b6 8. d4 Ba6 9. b3 Rc8 10. Bb2 e6 11. dxc5 bxc5 12. Qd2 d5 13. cxd5 Nb4 14. Rfd1 exd5 15. Nf4 d4 16. exd4 g5 17. a3 cxd4 18. Na4 Nc2 19. Rac1 gxf4 20. Rxc2 Rxc2 21. Qxc2 Re8 22. Nc5 {½-½ Wen,Y (2592)-Gabuzyan,H (2538) Yerevan Margaryan Memorial 2014 (4)}) 8. a3 ({RR} 8. h3 d6 9. d3 a6 10. Rb1 Be6 11. Nd5 Bxd5 12. cxd5 Nb4 13. Nc3 a5 14. a3 Na6 15. e4 Nc7 16. a4 Qd7 17. f4 Nh5 18. Ne2 b5 19. f5 c4 20. axb5 cxd3 21. Qxd3 Nxb5 22. g4 Nf4 {1-0 Kulon,K (2327)-Golubenko,V (2209) Titled Tue 13th Feb Late 2024 (5)}) 8... d6 9. d3 Ne8 $146 ({RR} 9... Be6 10. Nd5 Qd7 11. Rb1 Bh3 12. b4 Bxg2 13. Kxg2 Ne7 14. Nxf6+ Bxf6 15. e4 Bg7 16. bxc5 dxc5 17. Nc3 f5 18. f3 a6 19. Be3 Rac8 20. Na4 Rc6 21. Nb6 Rxb6 22. Rxb6 Qc7 23. Qb3 Rb8 24. Rb1 {1-0 Gamarian,G (2171)-Angouras,I Ambelokipi op 25th 2000 (2)}) ({RR} 9... Nd7 10. Rb1 a5 11. Nd5 f5 12. Bd2 Rb8 13. b4 axb4 14. axb4 b6 15. Qa4 Bb7 16. bxc5 Nxc5 17. Qc2 Ba8 18. Nec3 Rf7 19. Nb5 Ne7 20. Nbc3 Nxd5 21. Nxd5 Ra7 22. Ra1 Rxa1 23. Rxa1 e4 24. d4 {1-0 Butolo,A (1749)-Tudor,H (1719) ROM-ch U14 Mamaia 2021 (9)}) 10. Rb1 a5 11. Nd5 f5 12. b4 axb4 13. axb4 cxb4 14. Nxb4 Nxb4 15. Rxb4 Nc7 16. Bxb7 Bxb7 17. Rxb7 Ne6 18. Rb1 f4 19. exf4 exf4 20. Nxf4 Nxf4 21. Bxf4 Qd7 22. Qf3 Ra5 23. Rb7 Qa4 24. Rxg7+ Kxg7 25. Bh6+ Kxh6 26. Qxf8+ 1-0

[Event "Olympiad Women 2024"]
[Site "Budapest HUN"]
[Date "2024.09.13"]
[Round "3.13"]
[Board "4"]
[White "Walter, Ema"]
[Black "Peycheva, Gergana"]
[Result "1/2-1/2"]
[WhiteElo "2055"]
[BlackElo "2248"]
[PlyCount "102"]
[EventDate "2024.09.11"]
[WhiteTeam "Slovakia"]
[BlackTeam "Bulgaria"]
[WhiteTeamCountry "SVK"]
[BlackTeamCountry "BUL"]

1. e4 c6 2. d4 d5 3. exd5 cxd5 4. Bd3 Nc6 5. c3 e6 6. Nf3 Bd6 7. O-O Nge7 8. Re1 O-O ({RR} 8... Qc7 9. Nbd2 Bd7 10. Nf1 O-O-O 11. b4 f6 12. a4 Kb8 13. b5 Na5 14. Ba3 Bxa3 15. Rxa3 Qd6 16. Ra2 Rc8 17. Rc2 g5 18. N3d2 Rc7 19. c4 dxc4 20. Nxc4 Nxc4 21. Bxc4 Nf5 22. Re4 e5 23. d5 {0-1 Walter,E (2124)-Cvitan,E (2239) Mitropa Cup Women 2024 (2.17)}) 9. Nbd2 ({RR} 9. Ng5 g6 10. Nf3 Nf5 11. Nbd2 Re8 12. Nf1 Nh4 13. Ne3 Nxf3+ 14. Qxf3 h5 15. Bd2 Bd7 16. h3 Bf8 17. Rad1 Bg7 18. Bc1 b5 19. b4 a5 20. a3 axb4 21. axb4 Ne7 22. g4 hxg4 23. Nxg4 Nf5 {½-½ Mamedov,R (2650)-Artemiev,V (2761) Poikovsky Karpov 20th 2019 (1)}) 9... f6 10. c4 Kh8 11. Nf1 $146 ({RR} 11. b3 Qe8 12. Bb2 Qf7 13. Rc1 Bd7 14. a3 a5 15. Qc2 Rac8 16. Qb1 g5 17. cxd5 exd5 18. Kh1 Qh5 19. g3 Bg4 20. Re3 Bf4 21. gxf4 gxf4 22. Bg6 hxg6 23. Rec3 Bf5 24. Qa1 g5 25. Ng1 Kg7 {0-1 Pusara,M (2173)-Lavrencic,M (2356) 32nd EY Open U16 2024 (4.13)}) ({RR} 11. a3 Bb8 12. Nb3 b6 13. Qc2 dxc4 14. Bxc4 Qd6 15. Qe4 Ng6 16. Bxe6 Bxe6 17. Qxe6 Nce7 18. Qxd6 Bxd6 19. Bd2 Nd5 20. g3 Rac8 21. Rac1 Kg8 22. Kf1 Kf7 23. Ke2 Ke6 24. Kd3+ Kd7 25. h4 h5 {½-½ Ceres,D (2438)-Petkov,M (2498) 49th Seville Open 2024 (9.2)}) 11... Bd7 12. Bd2 Nb4 13. Be2 dxc4 14. Bxc4 Nbd5 15. Rc1 b5 16. Bd3 Qb6 17. Ng3 Rad8 18. Qb3 Nf4 19. Ne4 Nxd3 20. Qxd3 Nf5 21. Nxd6 Qxd6 22. Qe4 Rfe8 23. a3 Qb6 24. Bb4 Bc8 25. Bc5 Qb8 26. Nh4 Bb7 27. Qg4 Nxh4 28. Qxh4 Rd5 29. Rc3 Rg5 30. Rg3 Rxg3 31. Qxg3 Qd8 32. Qd6 Qxd6 33. Bxd6 Rc8 34. Bc5 Bd5 35. b4 Kg8 36. f4 f5 37. Ra1 a6 38. Kf2 Kf7 39. Re1 Rg8 40. h4 h6 41. Re3 g6 42. Rg3 Ra8 43. Bb6 Rc8 44. Bc5 Rg8 45. Bd6 Ra8 46. Rc3 Bc4 47. Bc7 Ke7 48. Rg3 Kf7 49. Rc3 Rg8 50. Rg3 Bd5 51. Bd6 Rc8 1/2-1/2

[Event "Olympiad Women 2024"]
[Site "Budapest HUN"]
[Date "2024.09.13"]
[Round "3.14"]
[Board "1"]
[White "Cramling, Pia"]
[Black "Daulyte-Cornette, Deimante"]
[Result "0-1"]
[WhiteElo "2425"]
[BlackElo "2369"]
[PlyCount "78"]
[EventDate "2024.09.11"]
[WhiteTeam "Sweden"]
[BlackTeam "France"]
[WhiteTeamCountry "SWE"]
[BlackTeamCountry "FRA"]

1. d4 Nf6 2. c4 e6 3. Nf3 d5 4. Nc3 Nbd7 5. cxd5 exd5 6. Bg5 Bb4 7. Qa4 c5 8. dxc5 Bxc3+ 9. bxc3 O-O 10. e3 ({RR} 10. Qd4 Re8 11. Nd2 h6 12. Bf4 Nf8 13. Bd6 Ne6 14. Qb4 a5 15. Qa3 d4 16. g3 Nd5 17. Bg2 Nxc3 18. Nc4 Ng5 19. O-O Nxe2+ 20. Kh1 Bh3 21. Bxh3 Nxh3 22. Qf3 Qg5 23. Qxb7 d3 24. Qf3 Rad8 {½-½ Tryggestad,A (2324)-Fiskaaen,M (2225) Lewis Chess Legends Open 2024 (9.12)}) 10... Nxc5 11. Qb4 $146 ({RR} 11. Qh4 Nce4 12. Bxf6 Nxf6 13. Bd3 Qc7 14. Rc1 Bd7 15. O-O b5 16. Nd4 a6 17. f3 Rfe8 18. Rfe1 Rac8 19. Rc2 Qb6 20. g4 g6 21. Qg3 Re7 22. Qf4 Ne8 23. Rb1 Qc5 24. Kf2 Ng7 25. Nb3 Qa7 {0-1 Farago,I (2421)-Rozentalis,E (2596) AUT-chT 1011 2010 (5.1)}) ({RR} 11. Qd4 Nce4 12. Be2 Nxg5 13. Nxg5 Qc7 14. O-O h6 15. Nf3 Be6 16. Rfc1 Rfc8 17. Nd2 Qe7 18. Qb4 Kf8 19. Qxe7+ Kxe7 20. c4 dxc4 21. Bxc4 Bxc4 22. Nxc4 Rc5 23. Nd2 Rac8 24. Nb3 Rxc1+ 25. Rxc1 Rxc1+ {1-0 Bozinovic,B (2255)-Dizdar,G (2500) CRO-chT Makarska 1994 (8)}) 11... Nce4 12. Bd3 Nxg5 13. Nxg5 h6 14. Nf3 Qc7 15. O-O Bd7 16. Rab1 b5 17. h3 a6 18. Rb3 Rfe8 19. Rd1 Ne4 20. Bxe4 dxe4 21. Nd4 Re5 22. Ne2 Be6 23. Rb2 Rd8 24. Rd4 Bc4 25. Rbd2 Ree8 26. Nc1 a5 27. Qa3 Rxd4 28. cxd4 Rc8 29. Rc2 Qd8 30. Nb3 Bxb3 31. Qxb3 Rxc2 32. Qxc2 Qd5 33. Kf1 a4 34. Ke1 a3 35. Kd1 b4 36. g4 g6 37. Kc1 Qb5 38. Qd2 Qf1+ 39. Kc2 Qd3+ 0-1

[Event "Olympiad Women 2024"]
[Site "Budapest HUN"]
[Date "2024.09.13"]
[Round "3.14"]
[Board "2"]
[White "Guichard, Pauline"]
[Black "Agrest, Inna"]
[Result "0-1"]
[WhiteElo "2374"]
[BlackElo "2197"]
[PlyCount "83"]
[EventDate "2024.09.11"]
[WhiteTeam "France"]
[BlackTeam "Sweden"]
[WhiteTeamCountry "FRA"]
[BlackTeamCountry "SWE"]

1. d4 d5 2. c4 e6 3. Nc3 c5 4. e3 Nf6 5. Nf3 a6 6. b3 Nc6 7. Bb2 Bd6 8. Be2 O-O 9. O-O cxd4 10. exd4 Re8 11. Re1 Bc7 12. Bd3 $146 ({RR} 12. a3 b6 13. Qd3 Bb7 14. Bf1 Ne7 15. Rad1 Qb8 16. g3 Ng6 17. Bg2 h5 18. h4 Ne4 19. Re2 Nxf2 20. Rxf2 Bxg3 21. Re2 Nf4 22. Qe3 Nxe2+ 23. Nxe2 Bd6 24. Nd2 Be7 25. Qf2 Qd8 26. Nf4 Bxh4 {0-1 Caliebe,N (1446)-Bork,S (1574) GER-chT Lands U20 2014 (2.7)}) 12... dxc4 13. bxc4 b5 14. cxb5 Nb4 15. a4 Nxd3 16. Qxd3 Bb7 17. Ne5 axb5 18. Nxb5 Qd5 19. Qh3 Ba5 20. Bc3 Rec8 21. Bxa5 Rxa5 22. Nd3 h6 23. Nc5 Bc6 24. Rab1 Kh8 25. Nb3 Raa8 26. Re5 Qd8 27. Nc5 Bxb5 28. axb5 Qxd4 29. Nd3 Ra3 30. Re3 Nd5 31. Rd1 Nxe3 32. fxe3 Qa4 33. Qf3 Qxb5 34. Nf4 Qe5 35. Re1 Rcc3 36. Kf2 Rc2+ 37. Kg1 Ra1 38. Nd3 Rxe1+ 39. Nxe1 Rc1 40. Kf1 Qb5+ 41. Kf2 Qb2+ 42. Kf1 0-1